LEADER 01438nam a2200301 a 4500 001 000000136781 003 CaOOAMICUS 005 20131210115645.0 008 131210s2013 it frm z000 0 eng d 040 $aANT$bita$dPUL 041 $aeng 100 1 $aOkwuosa, Lawrence Nwachukwu.$0(OLS)http://pul/name/88121 245 10$aChrist's unique mediation and the other participated mediations in the theologies of religions /$cLawrence Nwachukwu Okwuosa. 260 $aNapoli :$b[s.n.],$c2013. 300 $a97 p.$c24 cm 490 1 $aTesi di dottorato in Teologia.$aEstratti ;$v045 502 $aEstratto da Tesi di Dottorato in Teologia--Pontificia Facoltą Teologica dell'Italia Meridionale. Sezione San Tommaso 504 $aBibliografia: p. [69]-97. 650 04$aMediazione (teologia).$0(OLS)http://pul/subject/9378 650 04$aDialogo interreligioso.$0(OLS)http://pul/subject/33329 650 04$aCristianesimo e altre religioni.$0(OLS)http://pul/subject/268 830 0$aTesi di dottorato in teologia$pEstratti ;$v045.$0(OLS)http://pul/title/167585 850 $aPUL 852 $aPUL$W1$xDP1 Tesi Fac. It.Meridionale$y35$m2013 B 2$j155658$qTesi$B157024$CPULBib$Z2$F157024 $82 941 1 $a16 996 $6245$aChrist's unique mediation and the other participated mediations in the theologies of religions$9(OLS)http://pul/title/173185 996 $6260$aNapoli :$b[s.n.]$9(OLS)http://pul/publisher/51260 LEADER 01484nam a2200325 a 4500 001 000000164435 003 CaOOAMICUS 005 20171121113010.0 008 171121s1925 it u000 u ita r 032 $aLibriCat 040 $aPUL$bita 100 1 $aVitali, Vittore.$0(OLS)http://pul/name/105711 245 10$aDelle donazioni /$cprof. Vittore Vitali. 250 $a2. ed. riveduta e messa al corrente con la pił recente dottrina e giurisprudenza dal Giudice Avv. Enrico Vitali. 260 $aNapoli :$bE. Marghieri ;$aTorino :$bUTET,$c1925. 300 $a800 p. ;$c24 cm. 490 1 $aIl diritto civile italiano secondo la dottrina e la giurisprudenza 500 $aSul frontespizio della serie: Parte undecima. 650 4$aDonazione (diritto).$0(OLS)http://pul/subject/17825 650 4$aDiritto civile$zItalia.$0(OLS)http://pul/subject/3770 700 1 $aVitali, Enrico.$0(OLS)http://pul/name/23496 830 3$aIl diritto civile italiano secondo la dottrina e la giurisprudenza.$0(OLS)http://pul/title/204040 850 $aPUL 852 $aPUL$W1$xDP2 Diritto e Scienze Sociali 1$y65$m250 F 1.35$j188574$qStampati$B191740$CPULBib$Z2$F191740 $81 941 1 $a8 961 $aEx libris: U.mi Viri A. Borettini. 996 $6245$aDelle donazioni$9(OLS)http://pul/title/204113 996 $6260$aNapoli :$bE. Marghieri$9(OLS)http://pul/publisher/53540 996 $6260$aTorino :$bUTET$9(OLS)http://pul/publisher/48088